00621 2200193 4500001002100000005001500021035002000036007000300056008004100059082001100100084001700111245008700128250001300215260004500228300003700273650006100310110002700371856002900398INLIS00000000000125320260408020145 a0010-0426000007ta260408 e 1 ind  a658.04 a658.04 MED p1 aPeran Pengawasan Interen Dalam Membangun Petani Milenial /cMedia Auditor Kementan aEdisi 51 aJakarta :bMedia Auditor Kementan,c2019 a96 hlm :bi 96 hlm;ilus ;c23 cm 4aPeran Pengawasan Interen Dalam Membangun Petani Milenial0 aMedia Auditor Kementan aPerpustakaan BBPP Kupang